| 000 | 04017cam a2200517 i 4500 | ||
|---|---|---|---|
| 001 | on1178638186 | ||
| 003 | OCoLC | ||
| 005 | 20230914093645.0 | ||
| 008 | 200916s2020 nyu b 001 0 eng | ||
| 010 | _a 2020030202 | ||
| 040 |
_aDLC _beng _erda _cDLC _dUKMGB _dOCLCF _dDLC _dOCLCO _dCOO _dOCLCO |
||
| 015 |
_aGBC0D5252 _2bnb |
||
| 016 | 7 |
_a019929510 _2Uk |
|
| 020 |
_a9781536182606 _q(hardcover) |
||
| 020 | _a1536182605 | ||
| 020 |
_z9781536183641 _q(adobe pdf) |
||
| 029 | 1 |
_aUKMGB _b019929510 |
|
| 035 | _a(OCoLC)1178638186 | ||
| 042 | _apcc | ||
| 050 | 1 | 0 |
_aK5001 _b.M35 2020 |
| 082 | 0 | 0 |
_a345 _223 |
| 049 | _aTZAA | ||
| 100 | 1 |
_aMalekian, Farhad, _eauthor. |
|
| 245 | 1 | 0 |
_aTrading virginity of international criminal justice / _cFarhad Malekian, Uppsala, Sweden. |
| 264 | 1 |
_aNew York : _bNova SciencePublishers, Inc., _c[2020] |
|
| 300 |
_axx, 327 pages ; _c26 cm. |
||
| 336 |
_atext _btxt _2rdacontent |
||
| 337 |
_aunmediated _bn _2rdamedia |
||
| 338 |
_avolume _bnc _2rdacarrier |
||
| 490 | 1 | _aCriminal justice, law enforcement and corrections | |
| 504 | _aIncludes bibliographical references (pages 281-297) and index. | ||
| 505 | 0 | _aFaculty of the mill of criminal justice -- Trading the gates of criminal justice -- Commodity of the capstones of criminal justice -- Merchants of substantive criminal justice -- The impurity of criminal justice -- The criminality of economic sanctions -- The auction-market of criminal justice -- Criminal policy against the chambers of international criminal courts -- The cargo of international criminal jurisprudence -- The panel of the cinema of criminal justice -- Trading religion in criminal justice -- Criminal wisdom of animals human beyond human beings -- Conclusion: the missing ingredient of love in criminal justice. | |
| 520 | _a"This volume is a groundbreaking criticism of our criminal systems and of international criminal justice. One way of ensuring compliance with international criminal justice is to seek justice through pursuing the naked truth. Is it feasible to change this legal discipline? Is it possible for a society of human beings to function without any criminal legislation? We could also pose other crucial questions which concern our courts, legislative powers, and various governmental sanctions.What can we say about the world of animals? Do they also have legislative authorities who draft their international criminal law? What about enforcement measures, courts, judges, prosecutors, lawyers, and prisoners? Do they also kill millions of human beings through their political sanctions? Why do animals human not have any law, although human beings have produced vast amounts of case law? Are we more abhorrent than animals human? Are animals better educated and more morally competent than human beings? Given the answer to these questions, we use the term 'human beings' in juxtaposition to the term 'animals human' throughout this work. The volume puts forward its philosophy concerning the different attitudes of criminal theory and the doctrines which have strengthened the criminal discipline to favour the gross offenders known as the 'authorities'" -- Publisher's website. | ||
| 650 | 0 | _aCriminal justice, Administration of. | |
| 650 | 0 | _aInternational criminal law. | |
| 650 | 0 | _aInternational criminal courts. | |
| 650 | 6 |
_aDroit international p�enal. _0(CaQQLa)201-0030136 |
|
| 650 | 6 |
_aTribunaux p�enaux internationaux. _0(CaQQLa)201-0271041 |
|
| 650 | 7 |
_aCriminal justice, Administration of _2fast _0(OCoLC)fst00883246 |
|
| 650 | 7 |
_aInternational criminal courts _2fast _0(OCoLC)fst00976876 |
|
| 650 | 7 |
_aInternational criminal law _2fast _0(OCoLC)fst01784719 |
|
| 776 | 0 | 8 |
_iOnline version: _aMalekian, Farhad. _tTrading virginity of international criminal justice _dNew York : Nova SciencePublishers, Inc., [2020] _z9781536183641 _w(DLC) 2020030203 |
| 830 | 0 |
_aCriminal justice, law enforcement and corrections. _913906 |
|
| 938 |
_aYBP Library Services _bYANK _n16852682 |
||
| 994 |
_aC0 _bTZACH |
||
| 999 |
_c7152 _d7152 |
||